LEADER 01068nam2 2200385 450 001 990000985660203316 005 20040324144903.0 010 $a88-7078-075-9 035 $a0098566 035 $aUSA010098566 035 $a(ALEPH)000098566USA01 035 $a0098566 100 $a20020225d1989----km-y0itay0103----ba 101 $aita 102 $aIT 105 $a||||||||001yy 200 1 $aClinica$v2 210 $aMilano$cR. Cortina$d1989 215 $aXLI, 990 p.$d25 cm 461 1$10010098564$12001$aTrattato di psiconalisi 606 0 $aPsicanalisi$xStudi 676 $a150.195 702 1$aSEMI,$bAntonio Alberto 801 0$aIT$bsalbc$gISBD 912 $a990000985660203316 951 $aVI ps B COLL 103/5 II$b98450 LM$cVI ps B COLL 959 $aBK 969 $aUMA 979 $aPATTY$b90$c20020225$lUSA01$h1435 979 $aPATTY$b90$c20020225$lUSA01$h1437 979 $c20020403$lUSA01$h1740 979 $aPATRY$b90$c20040324$lUSA01$h1449 979 $aPATRY$b90$c20040406$lUSA01$h1708 996 $aClinica$9975439 997 $aUNISA LEADER 03410nam 22006494a 450 001 9910959754303321 005 20250401184642.0 010 $a9781610911092 010 $a1610911091 010 $a9781417539482 010 $a1417539488 035 $a(CKB)1000000000449183 035 $a(EBL)3317444 035 $a(OCoLC)56506157 035 $a(SSID)ssj0000252342 035 $a(PQKBManifestationID)11209376 035 $a(PQKBTitleCode)TC0000252342 035 $a(PQKBWorkID)10175529 035 $a(PQKB)11216294 035 $a(MiAaPQ)EBC3317444 035 $a(Au-PeEL)EBL3317444 035 $a(CaPaEBR)ebr10196544 035 $a(PPN)175461783 035 $a(Perlego)3467296 035 $a(EXLCZ)991000000000449183 100 $a20030430d2003 uy 0 101 0 $aeng 135 $aur|n|---||||| 181 $ctxt$2rdacontent 182 $cc$2rdamedia 183 $acr$2rdacarrier 200 10$aStreets and the shaping of towns and cities /$fMichael Southworth, Eran Ben-Joseph 205 $a1st ed. 210 $aWashington, DC $cIsland Press$d2003 215 $a1 online resource (ix, 197 pages) $cillustrations 300 $aDescription based upon print version of record. 311 08$a9781559639163 311 08$a1559639164 320 $aIncludes bibliographical references (p. 184-188) and index. 327 $aTitle Page; Copyright Page; Contents; Acknowledgments; Introduction: Street Standards and the Built Environment; Ch. 1: Gritty Cities and Picturesque Villages; Ch. 2: Orderly Streets for Healthy Cities; Ch. 3: Streets for the Motor Age; Ch. 4: Bureaucracy Takes Control; Ch. 5: Streets for Living; Ch. 6: Tomorrow's Streets; Appendix A: Chronology of Events in theDevelopment of Residential Street Standards; Appendix B: A Graphic Survey of Street Cross Sections; Appendix C: Narrow Streets Data; Chapter End Notes; Other References; Index 330 8 $aThe topic of streets and street design is of compelling interest today as public officials, developers, and community activists seek to reshape urban patterns to achieve more sustainable forms of growth and development. Streets and the Shaping of Towns and Cities traces ideas about street design and layout back to the early industrial era in London suburbs and then on through their institutionalization in housing and transportation planning in the United States. It critiques the situation we are in and suggests some ways out that are less rigidly controlled, more flexible, and responsive to local conditions. Originally published in 1997, this edition includes a new introduction that addresses topics of current interest including revised standards from the Institute of Transportation Engineers; changes in city plans and development standards following New Urbanist, Smart Growth, and sustainability principles; traffic calming; and ecologically oriented street design. 606 $aStreets$xDesign 606 $aCity planning 606 $aStreets$xStandards 615 0$aStreets$xDesign. 615 0$aCity planning. 615 0$aStreets$xStandards. 676 $a711/.41 700 $aSouthworth$b Michael$011144 701 $aBen-Joseph$b Eran$0778432 801 0$bMiAaPQ 801 1$bMiAaPQ 801 2$bMiAaPQ 906 $aBOOK 912 $a9910959754303321 996 $aStreets and the shaping of towns and cities$94348007 997 $aUNINA LEADER 01543nas 2200505- 450 001 9910139462303321 005 20260128164118.0 011 $a1838-0743 035 $a(DE-599)ZDB2596776-9 035 $a(OCoLC)613962378 035 $a(CKB)2550000000030267 035 $a(CONSER)--2013269006 035 $a(DE-599)2596776-9 035 $a(EXLCZ)992550000000030267 100 $a20100513a20119999 --- a 101 0 $aeng 135 $aur||||||||||| 181 $ctxt$2rdacontent 182 $cc$2rdamedia 183 $acr$2rdacarrier 200 00$aSettler colonial studies 210 1$a[Hawthorn, Victoria] :$cInstitute for Social Research, Swinburne University of Technology,$d[2011]- 210 31$a[Abingdon, UK] :$cTaylor & Francis 215 $a1 online resource 300 $aRefereed/Peer-reviewed 300 $aSome issues have distinctive titles. 311 08$a2201-473X 606 $aColonies$vPeriodicals 606 $aPostcolonialism$vPeriodicals 606 $aColonies$2fast$3(OCoLC)fst00868456 606 $aPostcolonialism$2fast$3(OCoLC)fst01073032 606 $aColonialisme$2thub 608 $aPeriodicals.$2fast 608 $aRevistes electròniques.$2thub 615 0$aColonies 615 0$aPostcolonialism 615 7$aColonies. 615 7$aPostcolonialism. 615 7$aColonialisme. 676 $a994 712 02$aSwinburne Institute for Social Research, 906 $aJOURNAL 912 $a9910139462303321 996 $aSettler colonial studies$92279649 997 $aUNINA